| 000 | 00824nam a2200253 u 4500 | ||
|---|---|---|---|
| 005 | 20210223132054.0 | ||
| 008 | 130502s2007 r 000 0 eng d | ||
| 020 | _a970770855X (10 dígitos) | ||
| 020 | _a9789707708556 (13 dígitos) | ||
| 035 | _aUPN01000190922 | ||
| 049 | _aCG | ||
| 050 | 4 |
_aDD247 H5 _bM5.8 |
|
| 100 | 1 |
_aMisch, Rochus, _d1917- |
|
| 245 | 1 | 0 |
_aYo fui guardaespaldas de Hitler, 1940-1945 / _cRochus Misch ; tr. Núria Petit. |
| 260 |
_aMéxico : _bTaurus, _c2007. |
||
| 300 |
_a302 p. : _bil. |
||
| 440 | 0 | _aMemorias y biografías | |
| 534 |
_pTítulo original: _tJ'etais garde du corps d'Hitler, 1940-1945 |
||
| 600 | 1 | 4 |
_aMISCH, ROCHUS, _d1917- |
| 600 | 1 | 4 |
_aHITLER, ADOLF, _d1889-1945 _93096 |
| 650 | 4 |
_aGUARDAESPALDAS - _zALEMANIA - _vBIOGRAFIA _922272 |
|
| 905 | _aLibro | ||
| 999 |
_c163025 _d163025 |
||